000
00204nam a22000857a 4500
008
170626b xxu||||| |||| 00| 0 eng d
100
_9
3698
_a
Mathur. S. M
245
_a
Acadamic Jokes
260
_a
New Delhi
_c
2009
999
_c
7120
_d
7120